Transformadas de Laplace para ingenieros en electrónica

Guardat en:
Dades bibliogràfiques
Autor principal: Holbrook, James G (Autor)
Format: Llibre
Idioma:espanyol
Publicat: Ciudad de México Limusa-Wiley 1972
Matèries:
Etiquetes: Afegir etiqueta
Sense etiquetes, Sigues el primer a etiquetar aquest registre!

MARC

LEADER 00000nam a2200000 a 4500
001 UCQ9507
003 CL-VaPUC
008 990112e19720000MX |||||||||||||||||spa|d
082 0 4 |a 621.381  |b HOL  |2 21 
100 |a Holbrook, James G  |e author  |9 424097 
245 1 0 |a Transformadas de Laplace para ingenieros en electrónica 
300 |a 360 p 
942 |c BK 
945 |d 19990112 00:00:00  |a crobeson 
260 |a Ciudad de México  |b Limusa-Wiley  |c 1972 
650 0 |a Electrónica   |9 263192 
650 0 |a Transformaciones de Laplace  |9 260072 
650 0 |a Análisis de Fourier   |9 363631 
650 0 |a Ondas de radio  |9 263255 
583 |a last modification  |c 19990112 00:00:00  |k Rodrigo Vera 
999 |c 278507  |d 278505 
952 |0 0  |1 0  |4 0  |6 621_381000000000000_HOL_1972  |7 0  |8 A  |9 317095  |a BIBMAT  |b BIBMAT  |d 2019-11-20  |i 1315390  |o 621.381 HOL 1972  |p 1315390  |r 2025-01-07  |w 2019-11-20  |y BK  |k MAT